000
00306nam a22001337a 4500
020
_a
140203153X
082
_a
620.1126 GDO
100
_a
Gdoutos, E.E
_9
69226
245
_a
Fracture mechanics , an introduction
250
_a
2ND
260
_a
USA
_b
SPRINGER
_c
2005
300
_a
VIII, 369P
942
_c
BK
999
_c
576598
_d
576598